<?xml version="1.0" encoding="UTF-8"?>
<record
    xmlns:xsi="http://www.w3.org/2001/XMLSchema-instance"
    xsi:schemaLocation="http://www.loc.gov/MARC21/slim http://www.loc.gov/standards/marcxml/schema/MARC21slim.xsd"
    xmlns="http://www.loc.gov/MARC21/slim">

  <leader>01554nam a22002897a 4500</leader>
  <controlfield tag="005">20090616120752.0</controlfield>
  <controlfield tag="008">090616t        xxu||||| |||| 00| 0 hin d</controlfield>
  <datafield tag="010" ind1=" " ind2=" ">
    <subfield code="a">HIN-86930</subfield>
  </datafield>
  <datafield tag="020" ind1=" " ind2=" ">
    <subfield code="a">9788190718707</subfield>
    <subfield code="c">375.00</subfield>
  </datafield>
  <datafield tag="035" ind1=" " ind2=" ">
    <subfield code="a">HN-59276</subfield>
  </datafield>
  <datafield tag="037" ind1=" " ind2=" ">
    <subfield code="b">DBAD / PUB</subfield>
  </datafield>
  <datafield tag="040" ind1=" " ind2=" ">
    <subfield code="a">dpl</subfield>
    <subfield code="b">hn </subfield>
  </datafield>
  <datafield tag="082" ind1=" " ind2=" ">
    <subfield code="a">197</subfield>
  </datafield>
  <datafield tag="100" ind1=" " ind2=" ">
    <subfield code="a">&#x911;&#x938;&#x94D;&#x92A;&#x947;&#x928;&#x94D;&#x938;&#x94D;&#x915;&#x940;, &#x92A;&#x940;.&#x921;&#x940;.</subfield>
  </datafield>
  <datafield tag="245" ind1=" " ind2=" ">
    <subfield code="a">&#x905;&#x932;&#x94C;&#x915;&#x93F;&#x915; &#x915;&#x940; &#x924;&#x932;&#x93E;&#x936; &#x92E;&#x947;&#x902; :</subfield>
    <subfield code="c">&#x92A;&#x940;.&#x921;&#x940;.&#x911;&#x938;&#x94D;&#x92A;&#x947;&#x928;&#x94D;&#x938;&#x94D;&#x915;&#x940;</subfield>
    <subfield code="b">&#x90F;&#x915; &#x905;&#x91C;&#x94D;&#x91E;&#x93E;&#x924; &#x935;&#x93F;&#x926;&#x94D;&#x92F;&#x93E; &#x915;&#x947; &#x905;&#x902;&#x936; /</subfield>
  </datafield>
  <datafield tag="246" ind1=" " ind2=" ">
    <subfield code="a">Alaukika kii talaasha men </subfield>
    <subfield code="b">by P.D.Ospenski</subfield>
  </datafield>
  <datafield tag="260" ind1=" " ind2=" ">
    <subfield code="a">&#x917;&#x941;&#x921;&#x93C;&#x917;&#x93E;&#x901;&#x935;&#x94D; </subfield>
    <subfield code="b">&#x917;&#x941;&#x930;&#x94D;&#x91C;&#x93F;&#x93C;&#x90F;&#x92B;&#x93C; &#x92B;&#x93E;&#x909;&#x923;&#x94D;&#x921;&#x947;&#x936;&#x928; &#x911;&#x92B; &#x907;&#x902;&#x921;&#x93F;&#x92F;&#x93E;</subfield>
    <subfield code="c">2008</subfield>
  </datafield>
  <datafield tag="270" ind1=" " ind2=" ">
    <subfield code="a">&#x938;&#x947;&#x915;&#x94D;&#x91F;&#x930;-32, &#x92A;&#x94D;&#x932;&#x949;&#x91F; 42, &#x907;&#x928;&#x94D;&#x938;&#x94D;&#x91F;&#x940;&#x91F;&#x94D;&#x92F;&#x942;&#x936;&#x928;&#x932; &#x90F;&#x930;&#x93F;&#x92F;&#x93E;,</subfield>
    <subfield code="b">&#x917;&#x941;&#x921;&#x93C;&#x917;&#x93E;&#x902;&#x935;</subfield>
    <subfield code="e">122001</subfield>
    <subfield code="m">info@gurdjieff.in </subfield>
  </datafield>
  <datafield tag="300" ind1=" " ind2=" ">
    <subfield code="a">496&#x92A;&#x943;.</subfield>
    <subfield code="c">22&#x938;&#x947;&#x92E;&#x940; (&#x938;&#x91C;&#x93F;&#x932;&#x94D;&#x926;) </subfield>
  </datafield>
  <datafield tag="600" ind1=" " ind2=" ">
    <subfield code="a">&#x911;&#x938;&#x94D;&#x92A;&#x947;&#x928;&#x94D;&#x938;&#x94D;&#x915;&#x940;, &#x92A;&#x940;. &#x921;&#x940;. ,1878-1947.  </subfield>
  </datafield>
  <datafield tag="600" ind1=" " ind2=" ">
    <subfield code="a">Uspenski, P. D. ,1878-1947.</subfield>
  </datafield>
  <datafield tag="650" ind1=" " ind2=" ">
    <subfield code="a">Fourth Way (Occultism)</subfield>
  </datafield>
  <datafield tag="650" ind1=" " ind2=" ">
    <subfield code="a">&#x91A;&#x924;&#x941;&#x930;&#x94D;&#x925; &#x92E;&#x93E;&#x930;&#x94D;&#x917; (&#x917;&#x941;&#x92A;&#x94D;&#x924; &#x935;&#x93F;&#x926;&#x94D;&#x92F;&#x93E;)   </subfield>
  </datafield>
  <datafield tag="650" ind1=" " ind2=" ">
    <subfield code="a">Fourth Way (Occultism)</subfield>
  </datafield>
  <datafield tag="942" ind1=" " ind2=" ">
    <subfield code="2">ddc</subfield>
    <subfield code="c">HN</subfield>
    <subfield code="m">&#x911;&#x938;&#x94D;&#x92A;&#x947;&#x928;&#x94D;&#x938;&#x94D;&#x915;&#x940; </subfield>
    <subfield code="h">197</subfield>
  </datafield>
  <datafield tag="999" ind1=" " ind2=" ">
    <subfield code="c">27490</subfield>
    <subfield code="d">27490</subfield>
  </datafield>
  <datafield tag="952" ind1=" " ind2=" ">
    <subfield code="0">0</subfield>
    <subfield code="1">0</subfield>
    <subfield code="2">ddc</subfield>
    <subfield code="4">0</subfield>
    <subfield code="7">1</subfield>
    <subfield code="a">DBAD</subfield>
    <subfield code="b">DBAD</subfield>
    <subfield code="d">2009-06-16</subfield>
    <subfield code="e">DBAD / PUB</subfield>
    <subfield code="g">375.00</subfield>
    <subfield code="l">0</subfield>
    <subfield code="o">197 &#x911;&#x938;&#x94D;&#x92A;&#x947;&#x928;&#x94D;&#x938;&#x94D;&#x915;&#x940;</subfield>
    <subfield code="p">HN-59276</subfield>
    <subfield code="r">2009-06-16 00:00:00</subfield>
    <subfield code="t">1</subfield>
    <subfield code="v">375.00</subfield>
    <subfield code="w">2009-06-16</subfield>
    <subfield code="y">HN</subfield>
  </datafield>
</record>
